Expert consultation on community- based veterinary public health systems

Spremljeno u:
Bibliografski detalji
Format: Knjiga
Jezik:Undetermined
Izdano: Rome Food and Agriculture Organization of the United Nations 2004
Teme:
Oznake: Dodaj oznaku
Bez oznaka, Budi prvi tko označuje ovaj zapis!
Thư viện lưu trữ: Trung tâm Học liệu Trường Đại học Cần Thơ
LEADER 00508nam a2200169Ia 4500
001 CTU_69287
008 210402s9999 xx 000 0 und d
082 |a 664.9 
082 |b E96 
245 0 |a Expert consultation on community- based veterinary public health systems 
260 |a Rome 
260 |b Food and Agriculture Organization of the United Nations 
260 |c 2004 
650 |a Public health 
650 |x Veterinary 
910 |a Năm 
980 |a Trung tâm Học liệu Trường Đại học Cần Thơ